[Event "DEM U18w 2005"]
[Site "Willingen GER"]
[Date "2005.05.15"]
[Round "1"]
[White "Seeger, Franziska"]
[Black "Wirths, Clara"]
[Result "0-1"]
[Termination "normal"]
[Board "2"]
[WhiteElo "2073"]
[BlackElo "1841"]
[PlyCount "54"]
[WhiteFideId "4690982"]
[BlackFideId "24632597"]
[EventCountry "GER"]
[EventRounds "9"]
[EventType "swiss"]
[EventDate "2005.05.15"]

1. e4 c5 2. Nf3 Nc6 3. d4 cxd4 4. Nxd4 Nf6 5. Nc3 e6 6. Ndb5 Bb4 7. Nd6+ Ke7 8.
Nxc8+ Rxc8 9. Bd3 Ne5 10. O-O Qa5 11. Ne2 Qb6 12. a3 Bd6 13. b4 Nc4 14. h3 h6
15. Bf4 g5 16. Bc1 Be5 17. Rb1 Nh5 18. Kh1 Nf4 19. Nxf4 Bxf4 20. g3 Bxc1 21.
Qxc1 Ne5 22. Qd2 Nf3 23. Qe2 Nd4 24. Qd2 Qc6 25. Rfc1 f5 26. Qe3 e5 27. Kh2 f4
0-1

[Event "DEM U18w 2005"]
[Site "Willingen GER"]
[Date "2005.05.15"]
[Round "1"]
[White "Reh, Theresa"]
[Black "Hoolt, Sarah"]
[Result "0-1"]
[Termination "normal"]
[Board "3"]
[WhiteElo "1800"]
[BlackElo "2050"]
[PlyCount "80"]
[BlackFideId "24606812"]
[EventCountry "GER"]
[EventRounds "9"]
[EventType "swiss"]
[EventDate "2005.05.15"]

1. e4 c5 2. Nf3 Nc6 3. Bb5 g6 4. Bxc6 bxc6 5. d3 Bg7 6. Nc3 Nf6 7. O-O O-O 8.
h3 d6 9. Be3 e5 10. Qd2 Ne8 11. Bh6 f5 12. exf5 Bxf5 13. Bxg7 Nxg7 14. Nh2 Rb8
15. Rab1 Rb4 16. Ne2 Be6 17. a3 Rh4 18. Ng3 Nh5 19. Nxh5 Rxh5 20. Qe3 Rhf5 21.
Rbe1 Qh4 22. Re2 c4 23. Rd2 cxd3 24. cxd3 Bd5 25. f3 Qg3 26. Kh1 c5 27. Rdf2 c4
28. Rd1 cxd3 29. Rxd3 e4 30. Rc3 exf3 31. Nxf3 Bxf3 32. Rxf3 Rxf3 33. Qe6+ Kg7
34. gxf3 Rxf3 35. Qe7+ Kh6 36. Qf8+ Rxf8 37. Rxg3 Rf2 38. Rb3 Rd2 39. Kg1 Kg5
40. Kf1 Kf6 0-1

[Event "DEM U18w 2005"]
[Site "Willingen GER"]
[Date "2005.05.15"]
[Round "1"]
[White "Großmann, Susan"]
[Black "Stemmler, Lysan"]
[Result "1/2-1/2"]
[Termination "normal"]
[Board "4"]
[WhiteElo "2026"]
[BlackElo "1754"]
[PlyCount "126"]
[WhiteFideId "24608220"]
[BlackFideId "24622451"]
[EventCountry "GER"]
[EventRounds "9"]
[EventType "swiss"]
[EventDate "2005.05.15"]

1. e4 d6 2. d4 Nf6 3. Nc3 g6 4. g3 Bg7 5. Bg2 c6 6. Nge2 Nbd7 7. h3 e5 8. O-O
O-O 9. Bg5 h6 10. Be3 a6 11. a4 Rb8 12. a5 b6 13. dxe5 dxe5 14. axb6 Nxb6 15.
b3 Qc7 16. Na4 Nxa4 17. Rxa4 Rd8 18. Qc1 Kh7 19. Rd1 Bb7 20. Nc3 Rxd1+ 21. Qxd1
Rd8 22. Qe1 Ne8 23. Bf1 Ra8 24. Ra1 Nd6 25. Na4 Nb5 26. c3 f5 27. Nc5 Bc8 28.
Qd2 Qe7 29. Na4 Be6 30. Bc5 Qf6 31. Bc4 fxe4 32. Qe3 Bxh3 33. Qxe4 Rd8 34. Re1
Bf5 35. Qe3 e4 36. Bb4 h5 37. Nc5 Bh6 38. Nxe4 Bxe4 39. Qxe4 Rd2 40. Qe7+ Bg7
41. Qxf6 Bxf6 42. Bxb5 cxb5 43. Re6 Kg7 44. Rxa6 Rb2 45. Rb6 Rxb3 46. Rxb5 Kf7
47. Rc5 Ke6 48. Kg2 h4 49. Rc6+ Kf7 50. gxh4 Bxh4 51. Bd6 Rb2 52. Bg3 Bf6 53.
c4 Rc2 54. Kf3 Bd4 55. Bh4 g5 56. Bxg5 Bxf2 57. Ke4 Ke8 58. Kd5 Kd7 59. Rg6 Kc7
60. Bf4+ Kb7 61. Bd6 Rd2+ 62. Ke6 Kc6 63. Bb4 Re2+ 1/2-1/2

[Event "DEM U18w 2005"]
[Site "Willingen GER"]
[Date "2005.05.15"]
[Round "1"]
[White "Rath, Alina"]
[Black "Butschek, Tanja"]
[Result "0-1"]
[Termination "normal"]
[Board "5"]
[WhiteElo "1726"]
[BlackElo "2025"]
[PlyCount "74"]
[WhiteFideId "24607886"]
[BlackFideId "24604640"]
[EventCountry "GER"]
[EventRounds "9"]
[EventType "swiss"]
[EventDate "2005.05.15"]

1. c4 e5 2. Nc3 Bb4 3. g3 Nf6 4. Bg2 Nc6 5. d3 Bxc3+ 6. bxc3 O-O 7. e4 d6 8.
Ne2 Be6 9. O-O a6 10. a4 Rb8 11. f4 b5 12. axb5 axb5 13. cxb5 Rxb5 14. c4 Rb8
15. f5 Bd7 16. h3 Qc8 17. g4 Ne8 18. g5 f6 19. h4 g6 20. Ng3 Qb7 21. fxg6 hxg6
22. gxf6 Nxf6 23. Be3 Ng4 24. Qe2 Nxe3 25. Qxe3 Qb6 26. Qxb6 Rxb6 27. Rxf8+
Kxf8 28. Ra3 Rb1+ 29. Kf2 Rb2+ 30. Kg1 Kg7 31. Nf1 Kh6 32. Ne3 Kh5 33. Nd5 Kxh4
34. Nxc7 Nd4 35. Nd5 Kg3 36. Ne3 Nf3+ 37. Kf1 Rb1+ 0-1

[Event "DEM U18w 2005"]
[Site "Willingen GER"]
[Date "2005.05.15"]
[Round "1"]
[White "Salden, Franziska"]
[Black "Busse, Nadine"]
[Result "0-1"]
[Termination "normal"]
[Board "6"]
[WhiteElo "2021"]
[BlackElo "1710"]
[PlyCount "90"]
[WhiteFideId "24601268"]
[BlackFideId "24632023"]
[EventCountry "GER"]
[EventRounds "9"]
[EventType "swiss"]
[EventDate "2005.05.15"]

1. e4 c5 2. Nf3 e6 3. d4 cxd4 4. Nxd4 a6 5. Bc4 Qc7 6. Bb3 Nf6 7. f3 Nc6 8. Be3
b5 9. Qd2 d6 10. Nc3 Ne5 11. O-O Be7 12. Rae1 Nc4 13. Bxc4 Qxc4 14. Bf2 O-O 15.
f4 Bb7 16. e5 Nd5 17. Ne4 dxe5 18. fxe5 Qxa2 19. c3 b4 20. c4 Qxc4 21. Rc1 Nc3
22. Nd6 Bxd6 23. exd6 Qd5 24. Nf3 Qxd2 25. Nxd2 Ne2+ 26. Kh1 Nxc1 27. Rxc1 Rac8
28. Bc5 Rfd8 29. Nb3 Bd5 30. Nd4 Rxd6 31. Rc2 Be4 32. Bxd6 Bxc2 33. Bxb4 Be4
34. Bc3 Rd8 35. Kg1 Kf8 36. Kf2 g6 37. g3 Ke7 38. Ke3 f5 39. Bb4+ Kf7 40. Bc3
g5 41. Ba5 Rc8 42. Bc3 e5 43. Nb3 Bd5 44. Nd2 f4+ 45. gxf4 gxf4+ 0-1

[Event "DEM U18w 2005"]
[Site "Willingen GER"]
[Date "2005.05.15"]
[Round "1"]
[White "Chin, Karin"]
[Black "Dauer, Christina"]
[Result "1/2-1/2"]
[Termination "normal"]
[Board "8"]
[WhiteElo "1991"]
[BlackElo "1645"]
[PlyCount "79"]
[WhiteFideId "24608157"]
[BlackFideId "24609781"]
[EventCountry "GER"]
[EventRounds "9"]
[EventType "swiss"]
[EventDate "2005.05.15"]

1. e4 e6 2. d4 d5 3. Nc3 Bb4 4. Nge2 dxe4 5. a3 Be7 6. Nxe4 Nd7 7. Qd3 Ngf6 8.
Ng5 c5 9. Nf4 Nb6 10. dxc5 Qxd3 11. Nxd3 Nbd7 12. b4 a5 13. Bb2 Nd5 14. Ne4 O-O
15. c4 N5f6 16. Nxf6+ Bxf6 17. Bxf6 Nxf6 18. b5 e5 19. Nxe5 Re8 20. f4 Ng4 21.
Kd2 Nf2 22. Bd3 Nxh1 23. Rxh1 f6 24. Nf3 Bd7 25. Rb1 Rad8 26. Kc2 Rc8 27. c6
bxc6 28. b6 c5 29. Nd2 Bc6 30. Nb3 Rb8 31. Nxc5 Bxg2 32. Na6 Rb7 33. Nc5 Rf7
34. Kc3 g6 35. Rb5 Rb8 36. Na6 Rbb7 37. Nc5 Rb8 38. Na6 Rbb7 39. Nc5 Rb8 40.
Na6 1/2-1/2

[Event "DEM U18w 2005"]
[Site "Willingen GER"]
[Date "2005.05.15"]
[Round "1"]
[White "Rüdel, Anita"]
[Black "Kirsch, Nicola"]
[Result "1-0"]
[Termination "normal"]
[Board "9"]
[WhiteElo "1628"]
[BlackElo "1988"]
[PlyCount "57"]
[BlackFideId "4694287"]
[EventCountry "GER"]
[EventRounds "9"]
[EventType "swiss"]
[EventDate "2005.05.15"]

1. e4 c5 2. Nf3 Nc6 3. Nc3 e6 4. d4 cxd4 5. Nxd4 a6 6. Be2 Bb4 7. Qd3 Qf6 8.
Be3 Nge7 9. O-O Ng6 10. f4 O-O 11. Rf2 e5 12. Nd5 Qd6 13. Nf5 Qb8 14. c3 Ba5
15. Bc5 Re8 16. Nd6 Re6 17. Nxc8 Qxc8 18. f5 Re8 19. fxg6 hxg6 20. Raf1 Nd8 21.
Ne7+ Rxe7 22. Bxe7 Bb6 23. Qd5 Bxf2+ 24. Rxf2 Ne6 25. Qxe5 Qc6 26. Bb4 Re8 27.
Bf3 Nc7 28. Qd4 Nb5 29. Qc5 1-0

[Event "DEM U18w 2005"]
[Site "Willingen GER"]
[Date "2005.05.15"]
[Round "1"]
[White "Hofmann, Annett"]
[Black "Kohm, Vanessa"]
[Result "1-0"]
[Termination "normal"]
[Board "12"]
[WhiteElo "1978"]
[BlackElo "1501"]
[PlyCount "65"]
[WhiteFideId "24603759"]
[BlackFideId "4674472"]
[EventCountry "GER"]
[EventRounds "9"]
[EventType "swiss"]
[EventDate "2005.05.15"]

1. e4 e5 2. Nc3 Nf6 3. g3 Bc5 4. Bg2 d6 5. h3 Nc6 6. Nge2 Be6 7. Nd5 Nb4 8.
Nxb4 Bxb4 9. c3 Bc5 10. d4 exd4 11. cxd4 Bb6 12. O-O O-O 13. b3 Re8 14. Qd3 Qe7
15. Nc3 Rad8 16. Kh2 Ba5 17. Bb2 a6 18. f4 Bxc3 19. Bxc3 Bd7 20. Rfe1 Bb5 21.
Qc2 Kh8 22. a4 Bc6 23. d5 Bd7 24. Qb2 Bc8 25. g4 Kg8 26. Bf3 Nd7 27. Bxg7 f6
28. Bh6 Nc5 29. Rad1 Kf7 30. g5 Kg6 31. f5+ Kf7 32. Bh5+ Kg8 33. gxf6 1-0

[Event "DEM U18w 2005"]
[Site "Willingen GER"]
[Date "2005.05.15"]
[Round "1"]
[White "Janiesch, Maike"]
[Black "Schulze, Dorothee"]
[Result "0-1"]
[Termination "normal"]
[Board "13"]
[WhiteElo "1499"]
[BlackElo "1955"]
[PlyCount "100"]
[BlackFideId "24609498"]
[EventCountry "GER"]
[EventRounds "9"]
[EventType "swiss"]
[EventDate "2005.05.15"]

1. d4 d5 2. c4 Nc6 3. Nc3 dxc4 4. e3 Nf6 5. Bxc4 e5 6. Nge2 Bg4 7. f3 exd4 8.
Nxd4 Nxd4 9. Qxd4 Qxd4 10. exd4 Bh5 11. O-O O-O-O 12. Be3 Bb4 13. Rac1 Rhe8 14.
Bf2 Ba5 15. Rfd1 Bb6 16. Na4 Nd5 17. Bxd5 Rxd5 18. Nxb6+ axb6 19. Rc2 Bg6 20.
Rcd2 Kd7 21. Kf1 Ra8 22. b3 Rda5 23. Ra1 f6 24. Be1 Ra3 25. Rb2 Bf7 26. Bc3 b5
27. Ke2 b6 28. Kd3 c5 29. dxc5 bxc5 30. Kc2 b4 31. Be1 Kc6 32. Kb1 Re8 33. Bf2
Re7 34. Rd2 Rea7 35. Rb2 Kb5 36. Kc2 R3a6 37. h3 c4 38. bxc4+ Bxc4 39. Be1 b3+
40. Kb1 Rxa2 41. Raxa2 Rxa2 42. g3 Bd3+ 43. Kc1 Ra1+ 44. Kd2 Kc4 45. f4 Rxe1
46. Kxe1 Kc3 47. Rd2 b2 48. Rxb2 Kxb2 49. Kf2 Kc3 50. Kf3 Kd4 0-1

[Event "DEM U18w 2005"]
[Site "Willingen GER"]
[Date "2005.05.15"]
[Round "1"]
[White "Katte, Isabel"]
[Black "Dubel, Natali"]
[Result "1-0"]
[Termination "normal"]
[Board "14"]
[WhiteElo "1944"]
[BlackElo "1400"]
[PlyCount "41"]
[WhiteFideId "24612987"]
[BlackFideId "24642185"]
[EventCountry "GER"]
[EventRounds "9"]
[EventType "swiss"]
[EventDate "2005.05.15"]

1. e4 d6 2. d4 Nf6 3. Nc3 g6 4. Be3 Bg7 5. Qd2 O-O 6. Bh6 Nc6 7. Bxg7 Kxg7 8.
f3 a6 9. g4 e5 10. d5 Ne7 11. O-O-O b5 12. h4 b4 13. Nce2 a5 14. h5 Rh8 15. Ng3
Qd7 16. Nf5+ Kf8 17. Qh6+ Ke8 18. hxg6 fxg6 19. Ng7+ Kf7 20. Ne6 Ke8 21. Qg7
1-0

[Event "DEM U18w 2005"]
[Site "Willingen GER"]
[Date "2005.05.15"]
[Round "2"]
[White "Gussakovski, Jana"]
[Black "Schulze, Dorothee"]
[Result "1/2-1/2"]
[Termination "normal"]
[Board "1"]
[WhiteElo "2080"]
[BlackElo "1955"]
[PlyCount "36"]
[WhiteFideId "14112868"]
[BlackFideId "24609498"]
[EventCountry "GER"]
[EventRounds "9"]
[EventType "swiss"]
[EventDate "2005.05.15"]

1. e4 c5 2. c3 Nf6 3. e5 Nd5 4. Nf3 Nc6 5. d4 cxd4 6. cxd4 d6 7. Bc4 Nb6 8. Bb3
dxe5 9. dxe5 Qxd1+ 10. Bxd1 Bg4 11. O-O g6 12. Nc3 Bg7 13. Bf4 O-O 14. Re1 Rfd8
15. h3 Bf5 16. g4 Bd3 17. Rc1 Rac8 18. b3 Nd5 1/2-1/2

[Event "DEM U18w 2005"]
[Site "Willingen GER"]
[Date "2005.05.15"]
[Round "2"]
[White "Butschek, Tanja"]
[Black "Rüdel, Anita"]
[Result "0-1"]
[Termination "normal"]
[Board "3"]
[WhiteElo "2025"]
[BlackElo "1628"]
[PlyCount "68"]
[WhiteFideId "24604640"]
[EventCountry "GER"]
[EventRounds "9"]
[EventType "swiss"]
[EventDate "2005.05.15"]

1. e4 e6 2. d4 d5 3. Nc3 Bb4 4. e5 c5 5. Bd2 Ne7 6. dxc5 Bxc5 7. Qg4 Ng6 8. Nf3
Bd7 9. O-O-O Bxf2 10. Bd3 Nc6 11. Rhf1 Bc5 12. Rde1 O-O 13. Qh5 Nce7 14. Ng5 h6
15. Nxf7 Rxf7 16. Bxg6 Nxg6 17. Qxg6 Rxf1 18. Rxf1 Qe8 19. Qg4 Kh8 20. Rf3 Bf8
21. Ne2 Rc8 22. Nf4 Kh7 23. Nh5 Rc4 24. Qh3 Qe7 25. Bxh6 gxh6 26. Nf6+ Kh8 27.
Nxd7 Bg7 28. Nf6 Qc7 29. Re3 Rxc2+ 30. Kd1 Rc1+ 31. Ke2 Qc2+ 32. Kf3 Rf1+ 33.
Kg3 Qf2+ 34. Kg4 Qf4+ 0-1

[Event "DEM U18w 2005"]
[Site "Willingen GER"]
[Date "2005.05.15"]
[Round "2"]
[White "Romakin, Helene"]
[Black "Hammerich, Nadine"]
[Result "1-0"]
[Termination "normal"]
[Board "4"]
[WhiteElo "2013"]
[BlackElo "1543"]
[PlyCount "85"]
[WhiteFideId "24605964"]
[EventCountry "GER"]
[EventRounds "9"]
[EventType "swiss"]
[EventDate "2005.05.15"]

1. Nf3 Nf6 2. c4 Nc6 3. d3 e5 4. g3 d5 5. cxd5 Nxd5 6. Bg2 Nb6 7. Nc3 Be6 8.
O-O Be7 9. Bd2 O-O 10. Bc1 Qd7 11. Ng5 Bxg5 12. Bxg5 Bh3 13. Bxh3 Qxh3 14. Nb5
Qd7 15. a3 a5 16. a4 h6 17. Be3 Nd5 18. Bc5 Rfc8 19. Qd2 b6 20. Be3 Nxe3 21.
fxe3 Na7 22. Nc3 Rf8 23. d4 c5 24. d5 Rad8 25. e4 Qg4 26. Qd3 Nc6 27. Kg2 Na7
28. Rf5 f6 29. Rd1 Qg6 30. d6 Nc6 31. Qd5+ Qf7 32. Qxc6 Qb3 33. Qd5+ Qxd5 34.
Rxd5 Rf7 35. Rf1 Rfd7 36. Rfd1 Kf7 37. Nb5 g6 38. Kf3 h5 39. Ke3 Ke6 40. Kd3 g5
41. Kc4 g4 42. Nc7+ Kf7 43. Kb5 1-0

[Event "DEM U18w 2005"]
[Site "Willingen GER"]
[Date "2005.05.15"]
[Round "2"]
[White "Wirths, Clara"]
[Black "Krege, Sandra"]
[Result "0-1"]
[Termination "normal"]
[Board "5"]
[WhiteElo "1841"]
[BlackElo "1988"]
[PlyCount "94"]
[WhiteFideId "24632597"]
[BlackFideId "4680910"]
[EventCountry "GER"]
[EventRounds "9"]
[EventType "swiss"]
[EventDate "2005.05.15"]

1. e4 c5 2. Nf3 Nc6 3. d4 cxd4 4. Nxd4 Nf6 5. Nc3 e5 6. Ndb5 d6 7. Bg5 a6 8.
Na3 b5 9. Bxf6 gxf6 10. Nd5 f5 11. Bxb5 axb5 12. Nxb5 Ra7 13. Nxa7 Nxa7 14. c3
Bg7 15. exf5 Bxf5 16. O-O O-O 17. Qa4 Nc8 18. Qb4 Qg5 19. f4 exf4 20. Qxf4 Qxf4
21. Nxf4 Nb6 22. Nh5 Be6 23. Nxg7 Kxg7 24. Rad1 Rc8 25. Rd4 Nc4 26. b3 Na3 27.
Rc1 d5 28. Rb4 Bf5 29. Kf2 Kf6 30. Rd4 Be6 31. Ke2 Nb5 32. Rd3 d4 33. Rf1+ Ke5
34. cxd4+ Nxd4+ 35. Kd2 Rc2+ 36. Kd1 Rxa2 37. Re1+ Kd5 38. Rg3 Kd6 39. Ree3 f5
40. Rd3 Kd5 41. h3 f4 42. Rg7 Ke4 43. Rc3 Bxb3+ 44. Ke1 Nc2+ 45. Kf1 Ne3+ 46.
Kg1 Ra1+ 47. Kh2 Nf1+ 0-1

[Event "DEM U18w 2005"]
[Site "Willingen GER"]
[Date "2005.05.15"]
[Round "2"]
[White "Busse, Nadine"]
[Black "Hofmann, Annett"]
[Result "1-0"]
[Termination "normal"]
[Board "6"]
[WhiteElo "1710"]
[BlackElo "1978"]
[PlyCount "59"]
[WhiteFideId "24632023"]
[BlackFideId "24603759"]
[EventCountry "GER"]
[EventRounds "9"]
[EventType "swiss"]
[EventDate "2005.05.15"]

1. e4 c5 2. Nf3 d6 3. d4 cxd4 4. Nxd4 Nf6 5. Nc3 a6 6. Be3 e6 7. f3 Nbd7 8. Qd2
b5 9. g4 h6 10. O-O-O Bb7 11. Bg2 b4 12. Nce2 d5 13. exd5 Nxd5 14. Bf2 Ne5 15.
Ng3 Be7 16. Ne4 Qd7 17. Nb3 Qb5 18. Qd4 f6 19. Nec5 Bc8 20. Qe4 g5 21. h4 Bxc5
22. Nxc5 Qc4 23. hxg5 Qxa2 24. Nb3 Kf7 25. Rxh6 Bb7 26. Rh7+ Kg8 27. Rxh8+ Kxh8
28. Rh1+ Kg8 29. Qh7+ Kf8 30. Qxb7 1-0

[Event "DEM U18w 2005"]
[Site "Willingen GER"]
[Date "2005.05.15"]
[Round "2"]
[White "Dauer, Christina"]
[Black "Großmann, Susan"]
[Result "0-1"]
[Termination "normal"]
[Board "7"]
[WhiteElo "1645"]
[BlackElo "2026"]
[PlyCount "84"]
[WhiteFideId "24609781"]
[BlackFideId "24608220"]
[EventCountry "GER"]
[EventRounds "9"]
[EventType "swiss"]
[EventDate "2005.05.15"]

1. c4 d6 2. Nc3 g6 3. g3 Bg7 4. Bg2 c5 5. Nf3 Nc6 6. d3 e6 7. Bd2 Nge7 8. Rb1
Rb8 9. a3 O-O 10. O-O b6 11. Qc1 Nf5 12. b4 Bb7 13. e4 Nfd4 14. Bh6 Nxf3+ 15.
Bxf3 Bxh6 16. Qxh6 Qf6 17. Ne2 Qxf3 18. Nf4 Nd4 19. Rbe1 Qg4 20. h3 Nf3+ 21.
Kg2 Qg5 22. Qxg5 Nxg5 23. h4 e5 24. hxg5 exf4 25. gxf4 f6 26. b5 Rf7 27. Re3 a6
28. a4 axb5 29. axb5 Ra8 30. Rh1 Ra2 31. gxf6 Rxf6 32. Kg3 Kg7 33. Rh2 h5 34.
e5 dxe5 35. fxe5 Rf5 36. e6 Ra8 37. f4 Re8 38. e7 Rf7 39. Rhe2 Bc8 40. Re4 Bf5
41. R4e3 Kf6 42. Kf3 Bg4+ 0-1

[Event "DEM U18w 2005"]
[Site "Willingen GER"]
[Date "2005.05.15"]
[Round "2"]
[White "Stemmler, Lysan"]
[Black "Chin, Karin"]
[Result "1/2-1/2"]
[Termination "normal"]
[Board "8"]
[WhiteElo "1754"]
[BlackElo "1991"]
[PlyCount "97"]
[WhiteFideId "24622451"]
[BlackFideId "24608157"]
[EventCountry "GER"]
[EventRounds "9"]
[EventType "swiss"]
[EventDate "2005.05.15"]

1. e4 e6 2. d4 d5 3. Nc3 Bb4 4. e5 c5 5. a3 Bxc3+ 6. bxc3 Ne7 7. Qg4 Qc7 8.
Qxg7 Rg8 9. Qxh7 cxd4 10. Ne2 dxc3 11. f4 Bd7 12. h4 Nbc6 13. h5 O-O-O 14. Qd3
Nf5 15. Qxc3 Rg4 16. h6 Rh8 17. h7 Rg7 18. Qd3 a6 19. Bd2 Na5 20. a4 Nc4 21.
Rh3 Qc5 22. Rb1 a5 23. Nc3 Rgxh7 24. Nb5 Rxh3 25. gxh3 Rg8 26. h4 Rg3 27. Qe2
Bxb5 28. Rxb5 Qg1 29. Rb3 Nd4 30. Rxg3 Qxg3+ 31. Qf2 Qxf2+ 32. Kxf2 Nxd2 33.
Bd3 Ne4+ 34. Kg2 Nc6 35. h5 Ne7 36. h6 Ng6 37. Kf3 Kd8 38. c4 Ke7 39. cxd5 exd5
40. Bxe4 dxe4+ 41. Kxe4 Nf8 42. Kd5 f5 43. exf6+ Kxf6 44. Kd6 Kf7 45. f5 Kf6
46. Kc7 Kxf5 47. Kxb7 Kg6 48. Kb6 Ne6 49. Kxa5 1/2-1/2

[Event "DEM U18w 2005"]
[Site "Willingen GER"]
[Date "2005.05.15"]
[Round "2"]
[White "Rath, Alina"]
[Black "Seeger, Franziska"]
[Result "1/2-1/2"]
[Termination "normal"]
[Board "9"]
[WhiteElo "1726"]
[BlackElo "2073"]
[PlyCount "54"]
[WhiteFideId "24607886"]
[BlackFideId "4690982"]
[EventCountry "GER"]
[EventRounds "9"]
[EventType "swiss"]
[EventDate "2005.05.15"]

1. c4 e6 2. d4 d5 3. Nc3 Nf6 4. Bg5 Be7 5. e3 O-O 6. Nf3 Nbd7 7. Rc1 h6 8. Bh4
b6 9. cxd5 exd5 10. Bb5 Bb7 11. O-O Ne4 12. Bxe7 Qxe7 13. Qc2 c6 14. Ba4 Rac8
15. Rfd1 Rfd8 16. a3 a5 17. Qd3 c5 18. Bxd7 Rxd7 19. dxc5 Nxc5 20. Qe2 Rcd8 21.
Nd4 Qf6 22. Rc2 Ba6 23. Qf3 Qxf3 24. Nxf3 Bc4 25. Nd4 Ne6 26. Rcd2 Nc5 27. Rb1
Nb3 1/2-1/2

[Event "DEM U18w 2005"]
[Site "Willingen GER"]
[Date "2005.05.15"]
[Round "2"]
[White "Kohl, Annette"]
[Black "Salden, Franziska"]
[Result "1/2-1/2"]
[Termination "normal"]
[Board "10"]
[WhiteElo "1567"]
[BlackElo "2021"]
[PlyCount "91"]
[BlackFideId "24601268"]
[EventCountry "GER"]
[EventRounds "9"]
[EventType "swiss"]
[EventDate "2005.05.15"]

1. e4 e6 2. d4 d5 3. Nc3 Nf6 4. Bg5 dxe4 5. Nxe4 Be7 6. Bxf6 Bxf6 7. Nf3 b6 8.
Qd2 Bb7 9. Qf4 Nd7 10. Bb5 O-O 11. Bxd7 Bxe4 12. Qxe4 Qxd7 13. O-O-O Qa4 14.
Kb1 Rfd8 15. Ne5 Rac8 16. Rd3 c5 17. c3 Rd5 18. Ng4 Be7 19. Rh3 h6 20. Nxh6+
gxh6 21. Rxh6 Bg5 22. Rxe6 Rcd8 23. Re5 Qd7 24. h4 Bf6 25. Rxd5 Qxd5 26. Qxd5
Rxd5 27. dxc5 Rxc5 28. g4 Rc4 29. f3 Rf4 30. Rh3 Kg7 31. Kc2 Be7 32. Kd3 Kh6
33. Ke3 Bd6 34. Rh1 Ra4 35. a3 Bg3 36. h5 Bf4+ 37. Kd3 Bg3 38. Rd1 f5 39. Rg1
Be5 40. Re1 Bf4 41. Re6+ Kg7 42. Rg6+ Kh7 43. gxf5 Bh6 44. Re6 Kg7 45. Rg6+ Kh7
46. Re6 1/2-1/2

[Event "DEM U18w 2005"]
[Site "Willingen GER"]
[Date "2005.05.15"]
[Round "2"]
[White "Wetterling, Maria"]
[Black "Janiesch, Maike"]
[Result "1-0"]
[Termination "normal"]
[Board "12"]
[WhiteElo "1988"]
[BlackElo "1499"]
[PlyCount "81"]
[WhiteFideId "24624292"]
[EventCountry "GER"]
[EventRounds "9"]
[EventType "swiss"]
[EventDate "2005.05.15"]

1. e4 e5 2. Nf3 d6 3. d4 Nf6 4. Nc3 Nbd7 5. Bg5 Be7 6. Bc4 O-O 7. O-O c6 8. a3
b5 9. Ba2 Bb7 10. Bxf6 Bxf6 11. d5 cxd5 12. Bxd5 Bxd5 13. Qxd5 a6 14. Qxd6 Qe7
15. Qxe7 Bxe7 16. Rad1 Rfd8 17. Rd5 f6 18. Rfd1 Nb6 19. Rxd8+ Rxd8 20. Rxd8+
Bxd8 21. Nd2 Kf7 22. Nd5 Ke6 23. Nxb6 Bxb6 24. Kf1 Kd6 25. b4 a5 26. Ke2 axb4
27. axb4 Bd4 28. Nb1 Kc6 29. f3 Kd6 30. Kd3 Kc6 31. Nc3 Bb6 32. Nd5 Bd8 33. c4
g6 34. g4 h6 35. Nc3 bxc4+ 36. Kxc4 Kb6 37. Nd5+ Kc6 38. b5+ Kb7 39. Kc5 Kc8
40. Kc6 g5 41. b6 1-0

[Event "DEM U18w 2005"]
[Site "Willingen GER"]
[Date "2005.05.15"]
[Round "2"]
[White "Dubel, Natali"]
[Black "Reh, Theresa"]
[Result "0-1"]
[Termination "normal"]
[Board "14"]
[WhiteElo "1400"]
[BlackElo "1800"]
[PlyCount "88"]
[WhiteFideId "24642185"]
[EventCountry "GER"]
[EventRounds "9"]
[EventType "swiss"]
[EventDate "2005.05.15"]

1. d4 Nf6 2. c4 g6 3. Nc3 Bg7 4. e4 d6 5. f3 O-O 6. Be3 e5 7. d5 Nh5 8. Qd2 f5
9. Nge2 a6 10. O-O-O Bd7 11. Kb1 b5 12. Nc1 b4 13. N3e2 a5 14. Nd3 Na6 15. Rc1
Qb8 16. c5 Nf6 17. c6 fxe4 18. Nxe5 dxe5 19. cxd7 exf3 20. gxf3 Nxd7 21. Bg2
Qb5 22. f4 Rad8 23. Rc6 Ndb8 24. Rc2 a4 25. Rcc1 a3 26. b3 Rfe8 27. Ng3 exf4
28. Bxf4 Bc3 29. Qd1 Qb6 30. Qf3 Rf8 31. Rhf1 Nc5 32. Ne2 Be5 33. Qg3 Bxf4 34.
Nxf4 Nbd7 35. h4 Rf7 36. h5 Rg7 37. h6 Re7 38. Qg5 Rde8 39. Bh3 Ne4 40. Qg2
Nc3+ 41. Ka1 Nc5 42. Be6+ Nxe6 43. Nxe6 Nxd5 44. Ng5 Qd4+ 0-1

[Event "DEM U18w 2005"]
[Site "Willingen GER"]
[Date "2005.05.16"]
[Round "3"]
[White "Katte, Isabel"]
[Black "Romakin, Helene"]
[Result "0-1"]
[Termination "normal"]
[Board "1"]
[WhiteElo "1944"]
[BlackElo "2013"]
[PlyCount "86"]
[WhiteFideId "24612987"]
[BlackFideId "24605964"]
[EventCountry "GER"]
[EventRounds "9"]
[EventType "swiss"]
[EventDate "2005.05.15"]

1. e4 c5 2. Nc3 Nc6 3. f4 g6 4. Nf3 Bg7 5. Bb5 Nd4 6. a4 a6 7. Bc4 e6 8. e5 d5
9. exd6 Qxd6 10. d3 Nf6 11. O-O O-O 12. Kh1 b6 13. Ne4 Nxe4 14. dxe4 Qc6 15. c3
Nxf3 16. Qxf3 Bb7 17. e5 Qxf3 18. gxf3 Rfd8 19. Kg2 Bd5 20. Bd3 Bf8 21. Be4
Rab8 22. Be3 Bb3 23. Rf2 Be7 24. Bc2 Bxc2 25. Rxc2 a5 26. Kf2 Rd5 27. Ke2 Kf8
28. Rd2 Rbd8 29. Rad1 Ke8 30. Bf2 R8d7 31. c4 Rxd2+ 32. Rxd2 Rxd2+ 33. Kxd2 f6
34. Bh4 Kf7 35. Ke3 fxe5 36. Bxe7 exf4+ 37. Kxf4 Kxe7 38. Ke5 g5 39. f4 gxf4
40. Kxf4 Kf6 41. h3 e5+ 42. Ke4 Ke6 43. h4 h5 0-1

[Event "DEM U18w 2005"]
[Site "Willingen GER"]
[Date "2005.05.16"]
[Round "3"]
[White "Rüdel, Anita"]
[Black "Gussakovski, Jana"]
[Result "0-1"]
[Termination "normal"]
[Board "3"]
[WhiteElo "1628"]
[BlackElo "2080"]
[PlyCount "60"]
[BlackFideId "14112868"]
[EventCountry "GER"]
[EventRounds "9"]
[EventType "swiss"]
[EventDate "2005.05.15"]

1. e4 c5 2. Nf3 g6 3. c3 Bg7 4. d4 cxd4 5. cxd4 d5 6. e5 Nc6 7. Bb5 Nh6 8.
Bxc6+ bxc6 9. O-O O-O 10. Qc2 Ba6 11. Re1 Rc8 12. Nbd2 f6 13. Nb3 fxe5 14. dxe5
c5 15. Bg5 Nf5 16. Nbd2 Qb6 17. Rad1 h6 18. Bh4 c4 19. Bg3 d4 20. Nf1 Bb7 21.
Nh4 Nxh4 22. Bxh4 g5 23. Bg3 Qc6 24. f3 Rcd8 25. Kh1 Rxf3 26. Rd2 Rdf8 27. Qd1
R3f5 28. h3 h5 29. Kg1 Rf2 30. Rxf2 Rxf2 0-1